000 00913nam a22002417a 4500
005 20080613161835.0
008 080613t xxu||||| |||| 00| 0 eng d
010 _aENG-90292
020 _a8120335103
_c425.00
035 _aEN-73825
037 _bDBAD / PUB
040 _aDPL
_bEN
082 _a005.7565
100 _aDas Gupta, Pranab Kumar
245 _aOracle developer 2000:
_cby Pranab Kumar Das Gupta [and] Pranab Ghosh
_bbasics to implementation /
260 _aNew Delhi
_bPrentice Hall of India
_c2008
270 _aM-97, Connaught Circus,
_bNew Delhi
_e110001
300 _axxi,577p.
_c24 cm (pbk)
_eCD-ROM
500 _aIncludes index
700 _aGhosh, Pranab
942 _cEN
_h005.7565
_2ddc
_mDAS
999 _c13647
_d13647